[Event "BRA-ch U20 Girls"]
[Site "Sao Paulo"]
[Date "2012.06.08"]
[Round "3"]
[White "Oba, Ana Claudia de Oliv"]
[Black "Rodrigues, Vanessa Ketlyn Sous"]
[Result "0-1"]
[WhiteElo "1625"]
[BlackElo "1734"]
[PlyCount "152"]
[EventDate "2012.06.07"]
[EventType "swiss"]
[EventRounds "7"]
[EventCountry "BRA"]
[SourceTitle "EXT 2014"]
[Source "ChessBase"]
[SourceDate "2013.11.20"]
[SourceVersion "1"]
[SourceVersionDate "2013.11.20"]
[SourceQuality "1"]

1. Nf3 d5 2. d4 Nf6 3. e3 Bg4 4. Nbd2 e6 5. b3 Nbd7 6. Bb2 Bd6 7. Be2 h6 8. h3 Bf5 9. c4 c6 10. 0-0 Rc8 11. Rc1 0-0 12. Ne5 Ne4 13. Nxd7 Qxd7 14. Nxe4 Bxe4 15. Qd2 Qe7 16. f3 Bh7 17. Bd3 f5 18. f4 g5 19. Qe2 Qg7 20. Rc2 gxf4 21. exf4 Kf7 22. Qe3 Rg8 23. Rf3 h5 24. Re2 Rce8 25. Qf2 Qf6 26. Ree3 h4 27. Re1 Rg7 28. Rfe3 Reg8 29. Bf1 Re8 30. cxd5 cxd5 31. Bb5 Re7 32. Be2 Qh6 33. Rf3 Re8 34. Bc1 Rg6 35. Bf1 Reg8 36. Rd3 Rg3 37. Rxg3 Rxg3 38. Qe2 Qf6 39. Qf2 Qg7 40. Qe2 Qxd4+ 41. Kh1 Qe4 42. Qh5+ Bg6 43. Rxe4 Bxh5 44. Rd4 Bc5 45. Rd2 Be3 46. Rc2 Bxc1 47. Rxc1 d4 48. Rc7+ Kf6 49. Rxb7 Rg7 50. Rb4 Rd7 51. Bd3 Bg6 52. Rc4 Rd6 53. Ra4 a6 54. Ra5 Be8 55. Rxa6 Rxa6 56. Bxa6 Bc6 57. Kg1 e5 58. fxe5+ Kxe5 59. b4 Kd6 60. Kf2 Be4 61. Be2 Kc6 62. g3 hxg3+ 63. Kxg3 d3 64. Bd1 Kb5 65. a3 Kc4 66. h4 Kc3 67. h5 Kd2 68. Ba4 Ke3 69. Kh2 Ke2 70. h6 f4 71. b5 f3 72. b6 f2 73. h7 f1Q 74. Kg3 Bxh7 75. b7 Qf3+ 76. Kh4 Qxb7 0-1

[Event "Fortaleza Alves Memorial 16th"]
[Site "Fortaleza"]
[Date "2012.05.18"]
[Round "1"]
[White "Rodrigues, Vanessa Ketlyn Sous"]
[Black "Ribeiro, Matheus Cavalcante"]
[Result "0-1"]
[WhiteElo "1734"]
[BlackElo "2135"]
[PlyCount "66"]
[EventDate "2012.05.18"]
[EventType "swiss"]
[EventRounds "5"]
[EventCountry "BRA"]
[SourceTitle "CBM 148 Extra"]
[Source "ChessBase"]
[SourceDate "2012.06.22"]
[SourceVersion "1"]
[SourceVersionDate "2012.06.22"]
[SourceQuality "1"]

1. d4 Nf6 2. Nf3 g6 3. Bf4 Bg7 4. h3 d6 5. c3 0-0 6. Nbd2 c5 7. Rc1 Nc6 8. e4 Nh5 9. Be3 cxd4 10. Nxd4 e5 11. Nxc6 bxc6 12. Be2 Nf4 13. Bxf4 exf4 14. Bf3 Rb8 15. b3 Ba6 16. c4 Qa5 17. Rc2 d5 18. 0-0 d4 19. e5 c5 20. Re1 Rfe8 21. Bd5 Rxe5 22. Rxe5 Bxe5 23. Qe2 Qc7 24. Nf3 Bf6 25. Qe1 Bb7 26. Qe4 Bxd5 27. cxd5 Qd6 28. Nd2 Rd8 29. Qf3 Qxd5 30. Ne4 Be7 31. Rxc5 Qe6 32. Rc4 d3 33. Qd1 f5 0-1